000 00367nam a2200157Ia 4500
100 _aMerkow/Mark/ B.Jim
650 _aInformation security
942 _cBK
366 _f20
245 _aInformation security:Principles and practices
260 _bPearson Eduation
_c2006
082 _a5.8
_bMER
300 _a448
546 _aENGLISH
_celectronics
999 _c33936
_d33936